000 00548nam a2200205Ia 4500
005 20250923150136.0
008 008 250917s9999 xx 000 0 eng d
037 _aTextual
040 _aDSWL
_beng
_cDSWL
041 _aeng
_2eng
084 _qDSWL
100 _aPatti, R N
_9842711
245 0 _aSocio cultural dimensions of reproductive child health
_c by R N Patti
260 _aNew Delhi
_b A P H Publications India
_c2003
300 _a328p.
365 _aINR
_b695
925 _g695
942 _cTEXL
999 _c1460039
_d1460039